Začínáme programovat v Ruby on Rails /

Gespeichert in:
Bibliographische Detailangaben
1. Verfasser: Holzner, Steven
Format: Buch
Sprache:Tschechisch
Englisch
Veröffentlicht: Brno: Computer Press, a.s., 2007
Schlagworte:
Online-Zugang:https://rubyonrails.org/
Tags: Tag hinzufügen
Keine Tags, Fügen Sie das erste Tag hinzu!

MARC

LEADER 00000nam a22000003a 4500
001 0082086
003 SK-STU
005 20200626124430.0
007 ta
008 200626s ----xo-----e------000-0-----d
020 |a 978-80-251-1630-2 
040 |a STU  |b slo 
041 0 |a cze  |h eng 
044 |a xr 
100 1 |a Holzner, Steven 
245 1 0 |a Začínáme programovat v Ruby on Rails /  |c Steven Holzner 
260 |a Brno:  |b Computer Press, a.s.,  |c 2007 
300 |a 384 s. 
650 0 7 |a Programovací jazyk Ruby on Rails 
856 4 0 |u https://rubyonrails.org/ 
996 |c I*16PJ13747  |l II680  |s A  |a 24  |w 0082086_0001